| Tag |
First Indicator |
Second Indicator |
Subfields |
| LEADER |
00000cas a2200000 4500 |
| 001 |
in00000315213 |
| 005 |
20151011051327.0 |
| 008 |
740808d19701978ohumn1p i 0 a0eng d |
| 010 |
|
|
|a sn 79019281
|
| 022 |
0 |
|
|a 0098-1184
|
| 035 |
|
|
|a (OCoLC)ocm01387576
|
| 035 |
|
|
|9 ABK8040AM
|
| 040 |
|
|
|a NSD
|c NSD
|d NSD
|d IXA
|d NST
|d IUL
|d NST
|d NYG
|d NST
|d TXA
|d UtOrBLW
|
| 042 |
|
|
|a nsdp
|a lcd
|
| 049 |
|
|
|a TXAM
|
| 050 |
0 |
0 |
|a AI21.C462
|b C45
|
| 222 |
|
0 |
|a Index to the Christian Science monitor
|
| 245 |
0 |
0 |
|a Index to the Christian Science monitor.
|
| 264 |
|
1 |
|a Wooster, Ohio :
|b Micro Photo Division, Bell & Howell Co.
|
| 300 |
|
|
|a 9 volumes ;
|c 28 cm.
|
| 310 |
|
|
|a Monthly, with annual cumulations
|
| 336 |
|
|
|a text
|b txt
|2 rdacontent
|
| 337 |
|
|
|a unmediated
|b n
|2 rdamedia
|
| 338 |
|
|
|a volume
|b nc
|2 rdacarrier
|
| 362 |
0 |
|
|a 1970-1978.
|
| 630 |
0 |
0 |
|a Christian Science monitor
|v Indexes.
|
| 780 |
0 |
0 |
|t Index of the Christian Science monitor (Annual cumulation)
|w (OCoLC)6798882
|
| 785 |
0 |
0 |
|t Bell & Howell's index to the Christian Science monitor
|x 0195-6345
|w (OCoLC)5207462
|
| 787 |
1 |
|
|t Christian Science monitor
|
| 850 |
|
|
|a ArU
|a CU-Riv
|a CU-S
|a CaNSHD
|a CoU
|a CtY
|a DeU
|a FU
|a IC
|a ICarbS
|a IaAS
|a In
|a InU
|a MiU
|a MnU
|a NcRS
|a NjP
|a NjR
|a NmLcU
|a OU
|a OrU
|a PPiU
|a TxArU
|a TxDaM
|a TxU
|a ViBlbV
|a WaU
|
| 994 |
|
|
|a E0
|b TXA
|
| 949 |
|
|
|a updated
|b h
|c 2005/2/15
|e coplinger
|f 9:47:55 am
|
| 999 |
|
|
|a MARS
|
| 999 |
f |
f |
|s dbc75c31-4b3e-3344-8c45-5dd8d60c359f
|i 0166cbaa-0a72-321c-accb-442429b16e0e
|t 0
|
| 952 |
f |
f |
|p 4_hour
|a Texas A&M University
|b College Station
|c Sterling C. Evans Library
|d Evans: Microforms Reference (3rd floor)
|t 0
|e AI21.C462 C45
|h Library of Congress classification
|i unmediated -- volume
|l 1970-1974
|m A14832285170
|
| 952 |
f |
f |
|p 4_hour
|a Texas A&M University
|b College Station
|c Sterling C. Evans Library
|d Evans: Microforms Reference (3rd floor)
|t 0
|e AI21.C462 C45
|h Library of Congress classification
|i unmediated -- volume
|l 1976
|m A14832284865
|
| 952 |
f |
f |
|p 4_hour
|a Texas A&M University
|b College Station
|c Sterling C. Evans Library
|d Evans: Microforms Reference (3rd floor)
|t 0
|e AI21.C462 C45
|h Library of Congress classification
|i unmediated -- volume
|l 1977
|m A14832284815
|
| 952 |
f |
f |
|p 4_hour
|a Texas A&M University
|b College Station
|c Sterling C. Evans Library
|d Evans: Microforms Reference (3rd floor)
|t 0
|e AI21.C462 C45
|h Library of Congress classification
|i unmediated -- volume
|l 1978
|m A14832284857
|
| 952 |
f |
f |
|p 4_hour
|a Texas A&M University
|b College Station
|c Sterling C. Evans Library
|d Evans: Microforms Reference (3rd floor)
|t 0
|e AI21.C462 C45
|h Library of Congress classification
|i unmediated -- volume
|l 1975
|m A14832284823
|
| 998 |
f |
f |
|a AI21.C462 C45
|s 1970-1978
|t 0
|l Evans: Microforms Reference (3rd floor)
|